The study on the situation sapling growth after applying silvicultural measure in eucalyptus plantation in rua campus, សិក្សាពីស្ថានភាពនៃការលូតលាស់របស់កូនឈើក្រោយការអនុវត្តន៍វិធានការបច្ចេកទេសរុក្ខវប្បកម្មនៅចំការប្រេងខ្យល់នៃបរិវេណ ស.វ.ភ.ក (Record no. 3351)

000 -LEADER
fixed length control field 00831nam a22001577a 4500
003 - CONTROL NUMBER IDENTIFIER
control field OSt
005 - DATE AND TIME OF LATEST TRANSACTION
control field 20230313171644.0
008 - FIXED-LENGTH DATA ELEMENTS--GENERAL INFORMATION
fixed length control field 151112b xxu||||| |||| 00| 0 eng d
040 ## - CATALOGING SOURCE
Transcribing agency RUA
082 ## - DEWEY DECIMAL CLASSIFICATION NUMBER
Classification number FOR
Edition number CHH 2007 B134 Or.1
100 ## - MAIN ENTRY--PERSONAL NAME
9 (RLIN) 3600
Personal name CHHEAN, CHHAYA.
245 ## - TITLE STATEMENT
Title The study on the situation sapling growth after applying silvicultural measure in eucalyptus plantation in rua campus, សិក្សាពីស្ថានភាពនៃការលូតលាស់របស់កូនឈើក្រោយការអនុវត្តន៍វិធានការបច្ចេកទេសរុក្ខវប្បកម្មនៅចំការប្រេងខ្យល់នៃបរិវេណ ស.វ.ភ.ក
260 ## - PUBLICATION, DISTRIBUTION, ETC. (IMPRINT)
Place of publication, distribution, etc. Phnom Penh
Name of publisher, distributor, etc. RUA
Date of publication, distribution, etc. 2007
300 ## - PHYSICAL DESCRIPTION
Extent xii; 50p.
Other physical details ill.
Dimensions 29cm.
942 ## - ADDED ENTRY ELEMENTS (KOHA)
Source of classification or shelving scheme
Koha item type FOR
Holdings
Price effective from Date last seen Permanent Location Not for loan Date acquired Source of classification or shelving scheme Koha item type Barcode Lost status Damaged status Shelving location Withdrawn status Current Location Full call number
2015-11-122015-11-12Library Block B 2015-11-12 FORRUA41530  B134 Library Block BFOR CHH 2007 B134 Or.1
2015-11-122015-11-12Library Block B 2015-11-12 FORRUA41707  B134 Library Block BFOR CHH 2007 B134 Or.2
2015-11-122015-11-12Library Block B 2015-11-12 FORRUA41647  B134 Library Block BFOR CHH 2007 B134 Or.3
2015-11-122015-11-12Library Block B 2015-11-12 FORRUA41883  B134 Library Block BFOR CHH 2007 B134 Or.5
2015-11-122015-11-12Library Block B 2015-11-12 FORRUA41589  B134 Library Block BFOR CHH 2007 B134 Or.4
2015-11-122015-11-12Library Block B 2015-11-12 FORRUA41765  B136 Library Block BFOR CHH 2007 B136 Or.6
មជ្ឈមណ្ឌលឯការនៃសាកលវិទ្យាល័យភូមិន្ទកសិកម្មចំការដូង

Powered by Koha